000
00341nam a22001577a 4500
003
SGT
020
_a
9789354657986
082
_a
614.1
_b
M24P
100
_a
PILLAY, V.V.
245
_a
MODERN MEDICAL TOXICOLOGY
250
_a
5TH
260
_a
INDIA
_b
JAYPEE PUB
_c
2024
300
_a
960
650
_a
FORENSIC MEDICINE
942
_2
ddc
_c
BK
999
_c
30757
_d
30757